000
00298nam a2200109 a 4500
005
20201002061655.0
008
190722s2004 000 spa d
100
_a
Santana, Julio
_9
9560
245
0
_a
Zona Norte : la expulsión de los excluidos.
260
_a
Santo Domingo,
_c
2004.
999
_c
48611
_d
48611
040
_a
DO-SdBNP